[Event "Iberoamerican-ch 9th"]
[Site "Panama City"]
[Date "2023.11.27"]
[Round "4"]
[White "Leal Licon, Daniel Isai"]
[Black "Robles Medina, Nelson Humberto"]
[Result "0-1"]
[WhiteElo "1383"]
[BlackElo "1691"]
[PlyCount "46"]
[EventDate "2023.11.25"]
[EventType "swiss"]
[EventRounds "9"]
[EventCountry "PAN"]
[SourceTitle "CBM 217 Extra"]
[Source "ChessBase"]
[SourceDate "2024.01.31"]
[SourceVersion "1"]
[SourceVersionDate "2024.01.31"]
[SourceQuality "1"]

1. c4 Nf6 2. g3 e6 3. Nc3 d5 4. cxd5 exd5 5. Bg2 c6 6. a3 a5 7. d3 Be7 8. Nf3 0-0 9. 0-0 Re8 10. Qa4 Nbd7 11. Re1 Nc5 12. Qd1 h6 13. Bd2 Bg4 14. b4 axb4 15. axb4 Rxa1 16. Qxa1 Bxf3 17. Bxf3 Nb3 18. Qb2 Nxd2 19. Qxd2 Bxb4 20. Rb1 Qa5 21. Qb2 Bxc3 22. Qxb7 Qa8 23. Qc7 Be5 0-1

[Event "American Continental 16th"]
[Site "San Salvador"]
[Date "2022.05.06"]
[Round "6"]
[White "Leal Licon, Daniel Isai"]
[Black "Melendez, Manuel A"]
[Result "1/2-1/2"]
[WhiteElo "1705"]
[BlackElo "1955"]
[PlyCount "84"]
[EventDate "2022.05.02"]
[EventType "swiss"]
[EventRounds "11"]
[EventCountry "ESA"]
[SourceTitle "CBM 208 Extra"]
[Source "ChessBase"]
[SourceDate "2022.07.31"]
[SourceVersion "1"]
[SourceVersionDate "2022.07.31"]
[SourceQuality "1"]

1. e4 c5 2. Nc3 Nc6 3. Bb5 Nd4 4. Bc4 g6 5. f4 Bg7 6. Nf3 d6 7. Nxd4 cxd4 8. Ne2 Nf6 9. d3 e5 10. h3 0-0 11. 0-0 b5 12. Bxb5 Qb6 13. Bc4 Bb7 14. Qe1 Rac8 15. Bb3 Nd7 16. f5 d5 17. Qh4 Qd6 18. Bh6 f6 19. fxg6 hxg6 20. Ng3 Nc5 21. Bxg7 Kxg7 22. Qg4 Kh7 23. Qh4+ Kg7 24. Qg4 Kh7 25. h4 Nxb3 26. axb3 a6 27. h5 g5 28. Qf5+ Kh8 29. Qg6 dxe4 30. Qh6+ Kg8 31. Qg6+ Kh8 32. Nf5 Qd7 33. h6 Rc7 34. Ng3 exd3 35. Rxf6 Rg8 36. Qxd3 Qd5 37. Qe2 e4 38. h7 Rxh7 39. Raf1 d3 40. cxd3 exd3 41. Qd2 Qd4+ 42. R1f2 Bc8 1/2-1/2